Designing and constructing SMA mixtures : state-of-the-practice.

Bibliographic Details
Main Author: Hughes, Charles S.
Corporate Author: National Asphalt Pavement Association
Format: Book
Language:English
Published: Lanham, MD : NAPA, 1999.
Series:Quality improvement series (National Asphalt Pavement Association) ; 122.
Subjects:

MARC

Tag First Indicator Second Indicator Subfields
LEADER 00000cam a2200000Ia 4500
001 in00001661849
005 20151024122648.0
008 020402s1999 mdua b 000 0 eng d
035 |a (OCoLC)ocm42358350 
035 |a (OCoLC)42358350 
040 |a AFM  |c AFM  |d OHI  |d TXA  |d UtOrBLW 
043 |a n-us--- 
049 |a TXAM 
090 |a TE275  |b .H835 1999 
100 1 |a Hughes, Charles S. 
245 1 0 |a Designing and constructing SMA mixtures :  |b state-of-the-practice. 
246 3 |a Designing and constructing stone matrix asphalt mixtures :  |b state-of-the-practice 
264 1 |a Lanham, MD :  |b NAPA,  |c 1999. 
300 |a iii, 43 pages :  |b illustrations ;  |c 28 cm. 
336 |a text  |b txt  |2 rdacontent 
337 |a unmediated  |b n  |2 rdamedia 
338 |a volume  |b nc  |2 rdacarrier 
490 1 |a Quality improvement series ;  |v 122 
500 |a "Principal author was Charles S. Hughes"--P. ii. 
504 |a Includes bibliographical references (page 27). 
650 0 |a Asphalt emulsion mixtures. 
650 0 |a Pavements, Asphalt  |z United States  |x Design and construction. 
650 0 |a Pavements, Bituminous  |z United States  |x Design and construction. 
650 0 |a Asphalt  |x Additives. 
710 2 |a National Asphalt Pavement Association. 
830 0 |a Quality improvement series (National Asphalt Pavement Association) ;  |v 122. 
994 |a E0  |b TXA 
948 |a cataloged  |b h  |c 2002/4/10  |d c  |e bwalker  |f 2:18:23 pm 
999 |a MARS 
999 f f |s 1542f403-470b-34c3-8595-734052da1e88  |i 0125f98a-28d5-368e-85d4-39c396d131f8  |t 0 
952 f f |p ric  |a Texas A&M University  |b Rellis Campus  |c Joint Library Facility  |d Remote Storage  |t 0  |e TE275 .H835 1999  |h Library of Congress classification  |i unmediated -- volume  |m A14828727097 
998 f f |a TE275 .H835 1999  |t 0  |l Remote Storage